[Event "Davos op 9th"]
[Site "Davos"]
[Date "2011.08.08"]
[Round "2"]
[White "Ferguson, Mark"]
[Black "Altenburger, Rene"]
[Result "1-0"]
[WhiteElo "2379"]
[BlackElo "2009"]
[PlyCount "59"]
[EventDate "2011.08.07"]
[EventType "swiss"]
[EventRounds "7"]
[EventCountry "SUI"]
[SourceTitle "CBM 144 Extra"]
[Source "ChessBase"]
[SourceDate "2011.10.28"]
[SourceVersion "1"]
[SourceVersionDate "2011.10.28"]
[SourceQuality "1"]

1. e4 e5 2. Nf3 d6 3. d4 Nd7 4. Bc4 c6 5. 0-0 Be7 6. dxe5 dxe5 7. Ng5 Bxg5 8. Qh5 Qe7 9. Qxg5 Qxg5 10. Bxg5 Ngf6 11. f3 b5 12. Be2 Nc5 13. Be3 Ne6 14. Rd1 Ke7 15. a4 b4 16. Nd2 Nd7 17. Nc4 a5 18. Rd2 Rd8 19. Rad1 Ba6 20. Nxa5 Nb8 21. Rxd8 Nxd8 22. Bxa6 Rxa6 23. Bc5+ Ke8 24. Bxb4 Ne6 25. b3 Nd4 26. Nc4 Nxc2 27. Nd6+ Ke7 28. Nf5+ Kf6 29. Rd6+ Kg5 30. Bd2+ 1-0

[Event "Anzere op 1st"]
[Site "Anzere"]
[Date "2011.03.18"]
[Round "3"]
[White "Altenburger, Rene"]
[Black "Emery, Stephane"]
[Result "1/2-1/2"]
[WhiteElo "2009"]
[BlackElo "2021"]
[PlyCount "102"]
[EventDate "2011.03.17"]
[EventType "swiss"]
[EventRounds "7"]
[EventCountry "SUI"]
[SourceTitle "CBM 141 Extra"]
[Source "ChessBase"]
[SourceDate "2011.05.03"]
[SourceVersion "1"]
[SourceVersionDate "2011.05.03"]
[SourceQuality "1"]

1. d4 Nf6 2. c4 c5 3. d5 e6 4. Nc3 exd5 5. cxd5 d6 6. Nf3 g6 7. e4 Bg7 8. Bb5+ Nfd7 9. 0-0 a6 10. Be2 b5 11. a4 b4 12. Nb1 0-0 13. Bg5 Qc7 14. Nbd2 Re8 15. Nc4 Nb6 16. Nfd2 Nxc4 17. Nxc4 Rxe4 18. Bd3 Re8 19. Re1 Rxe1+ 20. Qxe1 Bf8 21. a5 Nd7 22. Qe4 Bb7 23. Re1 Ne5 24. Nb6 Rb8 25. f4 Nxd3 26. Qxd3 c4 27. Qe3 Bg7 28. Qe8+ Rxe8 29. Rxe8+ Bf8 30. Bh6 Qe7 31. Rxf8+ Qxf8 32. Bxf8 Kxf8 33. Nxc4 Ke7 34. Ne3 Kf6 35. h4 h6 36. g3 g5 37. hxg5+ hxg5 38. Kf2 gxf4 39. gxf4 Bc8 40. Nc4 Bb7 41. Ne3 Bc8 42. Kf3 Bd7 43. Ke4 Ba4 44. Kd4 Bb5 45. Ke4 Ba4 46. Nc4 Ke7 47. Nb6 Bd1 48. Kf5 Bc2+ 49. Kg5 Be4 50. Nc8+ Kd7 51. Nb6+ Ke7 1/2-1/2

[Event "Anzere op 1st"]
[Site "Anzere"]
[Date "2011.03.17"]
[Round "1"]
[White "Altenburger, Rene"]
[Black "Zubarev, Alexander2222"]
[Result "0-1"]
[WhiteElo "2009"]
[BlackElo "2594"]
[PlyCount "74"]
[EventDate "2011.03.17"]
[EventType "swiss"]
[EventRounds "7"]
[EventCountry "SUI"]
[SourceTitle "CBM 141 Extra"]
[Source "ChessBase"]
[SourceDate "2011.05.03"]
[SourceVersion "1"]
[SourceVersionDate "2011.05.03"]
[SourceQuality "1"]

1. d4 g6 2. c4 Bg7 3. Nc3 c5 4. Nf3 cxd4 5. Nxd4 Nc6 6. Nb3 Nf6 7. e4 0-0 8. Be2 a5 9. a4 d6 10. 0-0 Be6 11. Be3 Nd7 12. Qd2 b6 13. Nd4 Nxd4 14. Bxd4 Nc5 15. Bxg7 Kxg7 16. Rab1 Bd7 17. b3 Bc6 18. Bd3 e5 19. Bc2 Ra7 20. Rbd1 Rd7 21. Rfe1 h6 22. Qe3 Qg5 23. Rd3 Nxd3 24. Bxd3 Qxe3 25. Rxe3 f5 26. f3 fxe4 27. Bxe4 Bxe4 28. Rxe4 Rf4 29. Nd5 Rxe4 30. fxe4 Rf7 31. h4 Kf8 32. h5 gxh5 33. Kh2 Ke8 34. Nxb6 Rb7 35. c5 dxc5 36. Nc4 Rxb3 37. Nxa5 Rb4 0-1

[Event "Baden Casino op 5th"]
[Site "Baden"]
[Date "2000.??.??"]
[Round "8"]
[White "Buss, Ralph"]
[Black "Altenburger, Rene"]
[Result "1-0"]
[WhiteElo "2194"]
[BlackElo "2072"]
[PlyCount "59"]
[EventDate "2000.04.??"]
[EventType "swiss"]
[EventRounds "9"]
[EventCountry "SUI"]
[SourceTitle "EXT 2001"]
[Source "ChessBase"]
[SourceDate "2000.11.22"]
[SourceVersion "1"]
[SourceVersionDate "2000.11.22"]
[SourceQuality "1"]

1. Nf3 Nf6 2. c4 g6 3. Nc3 d5 4. cxd5 Nxd5 5. e4 Nxc3 6. dxc3 Qxd1+ 7. Kxd1 Bg7 8. Bf4 c6 9. Kc2 Nd7 10. a4 Nc5 11. Nd2 f5 12. f3 b6 13. Be3 Nb7 14. Ba6 0-0 15. a5 b5 16. Bxb7 Bxb7 17. a6 Bc8 18. Nb3 fxe4 19. fxe4 Be5 20. Na5 Rf6 21. Rhf1 Bxh2 22. Rxf6 exf6 23. Nxc6 Bd7 24. Ne7+ Kf7 25. Nd5 Be5 26. Rd1 Be6 27. Nb4 Bc7 28. Nc6 Bb6 29. Bxb6 axb6 30. a7 1-0